000 00520nam a2200133Ia 4500
005 20260209120151.0
008 260209s9999||||xx |||||||||||||| ||und||
100 _aVishal Majumdar
245 0 _aCritical analysis of jurisprudence and implementation of EWS reservation in India
260 _aBangaloreBangalore
_bNLSIU, Bangalore
_c2023 - 2024
300 _a20 p. ; 25 cm.
700 _aProf. Dr. Aparna Chandra - SupervisorProf. Dr. Aparna Chandra - Supervisor
856 _uhttps://dans.nls.ac.in/handle/123456789/2213
999 _c217726
_d217726